00425nam a2200157Ia 4500008004100000020001500041041000800056082001600064100002200080245007200102260003200174300001300206365001300219563000700232650002800239210707s1984 xx 000 0 und d a0803994753 aeng a327.54 MANI aMANSINGH (Surjit) aIndia's search for power: Indira Gandhi's foreign policy 1966-1982. aNDbSage Publicationsc1984 axv,405 p b165cINR aHB aInternational Relations